Ley general de cultura : (Registro nro. 5899)

Detalles MARC
000 -LEADER
fixed length control field 00901nam a2200229Ia 4500
003 - CONTROL NUMBER IDENTIFIER
control field OSt
005 - DATE AND TIME OF LATEST TRANSACTION
control field 20200813152220.0
008 - FIXED-LENGTH DATA ELEMENTS--GENERAL INFORMATION
fixed length control field 191128s2000 ck grl f000 0 spa d
020 ## - INTERNATIONAL STANDARD BOOK NUMBER
International Standard Book Number 9588052823
040 ## - CATALOGING SOURCE
Original cataloging agency CO-JMCR
Transcribing agency CO-JMCR
041 0# - LANGUAGE CODE
Language code of text/sound track or separate title spa
082 04 - DEWEY DECIMAL CLASSIFICATION NUMBER
Classification number 344.09026 /
Item number C718l
Edition number 23
110 1# - MAIN ENTRY--CORPORATE NAME
Corporate name or jurisdiction name as entry element Colombia.
9 (RLIN) 8040
240 10 - UNIFORM TITLE
Uniform title Leyes, decretos, etc.
245 10 - TITLE STATEMENT
Title Ley general de cultura :
Remainder of title ley 397 de 1997 /
Statement of responsibility, etc. Alberto Sanabria Acevedo, compilador
260 ## - PUBLICATION, DISTRIBUTION, ETC.
Place of publication, distribution, etc. [Bogotá] :
Name of publisher, distributor, etc. Imprenta Nacional de Colombia,
Date of publication, distribution, etc. 2000
300 ## - PHYSICAL DESCRIPTION
Extent 355 páginas ;
Dimensions 21 cm.
505 0# - FORMATTED CONTENTS NOTE
Formatted contents note Principios fundamentales y definiciones -- Patrimonio cultural y nacional -- Del fomento y los estímulos a la creación, a la investigación y a la actividad artística y cultural -- De la gestión cultural
650 14 - SUBJECT ADDED ENTRY--TOPICAL TERM
Topical term or geographic name entry element Ley fomento
General subdivision cultura
Geographic subdivision Colombia
9 (RLIN) 8729
650 14 - SUBJECT ADDED ENTRY--TOPICAL TERM
Topical term or geographic name entry element Estimulos
General subdivision cultura
Geographic subdivision Colombia
9 (RLIN) 8730
942 ## - ADDED ENTRY ELEMENTS (KOHA)
Source of classification or shelving scheme Dewey Decimal Classification
Koha item type Books
Existencias
Withdrawn status Lost status Source of classification or shelving scheme Damaged status Not for loan Collection code Home library Current library Date acquired Source of acquisition Full call number Barcode Date last seen Copy number Koha item type
    Dewey Decimal Classification     Non-fiction Biblioteca Pública José María del Castillo y Rada Biblioteca Pública José María del Castillo y Rada 04/15/2018 Donación 344.09026 / C718l 430007568 05/16/2024 Ej.1 Books